000 00648nam a2200241 i 4500
001 C2-0205034
003 PPAK
005 20180728101549.0
008 990302s1996 my |||| ||||| | may d
020 _a9836248587
040 _aPPAK
_beng
_cPPAK
_erda
082 0 4 _a899.233
_2 23
090 0 0 _a899.233
_bJAI
_dG
100 0 _aJais Sahok,
_eauthor
245 1 0 _aPerempuan tua di bangunan Satok
264 1 _aKuala Lumpur :
_bDewan Bahasa dan Pustaka ,
_c1996
300 _a98 pages ;
_c19 cm
336 _2rdacontent
_atext
337 _2rdamedia
_aunmediated
338 _2rdacarrier
_avolume
650 1 0 _aMalay fiction
942 _ddc
_cB
999 _c157665
_d157665